000 00486nam a2200169Ia 4500
008 180921t2017 xxu||||| |||| 00| 0 sin d
041 _asin
080 _a133.52
_bඅමර
100 _aඅමරසේන, ඊබට්
245 _aනැකැත් සාදනය
246 _anakath sadanaya
260 _bවාසනා
_aදන්කොටුව
_c2017
300 _bපි.112, සෙ.මි.21
942 _cBK
999 _c6541
_d6541
003 LK-CoDNM
040 _aLK-CoDNM
_dLK-CoDNM
_eLK-CoDNM